Handbook of tourism/ (Record no. 17024)

000 -LEADER
fixed length control field 00358nam a22001451a 4500
020 ## - INTERNATIONAL STANDARD BOOK NUMBER
ISBN 9789350740231
082 ## - DEWEY DECIMAL CLASSIFICATION NUMBER
Classification number 338.479 1
Item number AMR/H
100 ## - MAIN ENTRY--AUTHOR NAME
Personal name Amrita Bhagnani
245 ## - TITLE STATEMENT
Title Handbook of tourism/
Statement of responsibility, etc by Amrita Bhagnani
260 ## - PUBLICATION, DISTRIBUTION, ETC. (IMPRINT)
Place of publication Delhi:
Name of publisher Abhijeet Publications,
Year of publication 2012.
300 ## - PHYSICAL DESCRIPTION
Number of Pages 272p.
650 ## - SUBJECT ADDED ENTRY--TOPICAL TERM
Topical Term Tourism
650 ## - SUBJECT ADDED ENTRY--TOPICAL TERM
Topical Term Social Sciences
942 ## - ADDED ENTRY ELEMENTS (KOHA)
Koha item type Book
Holdings
Withdrawn status Lost status Damaged status Not for loan Permanent Location Current Location Date acquired Cost, normal purchase price Full call number Accession Number Cost, replacement price Price effective from Koha item type
        Sree Sankaracharya University of Sanskrit Sree Sankaracharya University of Sanskrit 08.01.2015 1070.00 338.479 1 AMR/H 066452 0.00 08.01.2015 Book